000 01386nam a22002417a 4500
005 20161026164732.0
008 150923b xxu||||| |||| 00| 0 hin d
010 _a1516HN08 B-621293-307 HIN-109680
020 _a9789383534067
_c375.00
035 _aB-621293-307 HN-82026
037 _bBBB/ven
040 _aDPL
_bHN
082 _a
245 _aसदी की श्रेष्ठ गुजराती कहानियाँ /
_cआबिद सुरती द्वारा संपादित एवं सरला जगमोहन द्वारा अनुदित
260 _aदिल्ली
_bराज बुक सर्विस
_c2015
270 _aबी-71 (डी.डी.ए.कॉलोनी), वेस्ट गोरखपुर एक्सटेंशन, शाहदरा
_bदिल्ली
_e110032
_mcontact@dps.com
300 _a184पृ.
_c22 सेमी (सजिल्द)
_bसचित्र
650 _91169
_aलघु कथाएँ, हिन्दी
700 _924106
_aसुरती, आबिद
700 _aसरला जगमोहन
_924111
942 _2ddc
_cHN
_h
_mसदीकी
999 _c97297
_d97297